[Event "Superfinal Championship 2022 Men"]
[Site "Cheboksary"]
[Date "2022.09.15"]
[Round "5.6"]
[White "Najer, Evgeniy"]
[Black "Matlakov, Maxim"]
[Result "1/2-1/2"]
[BlackElo "2671"]
[WhiteElo "2676"]
[LiveChessVersion "1.4.8"]

1. e4 {[%clk 1:30:45]} e5 {[%clk 1:30:51]} 2. Nf3 {[%clk 1:30:55]} Nc6
{[%clk 1:31:14]} 3. Bc4 {[%clk 1:31:19]} Nf6 {[%clk 1:31:30]} 4. d4
{[%clk 1:31:43]} exd4 {[%clk 1:29:25]} 5. e5 {[%clk 1:31:59]} d5 {[%clk 1:26:33]}
6. Bb5 {[%clk 1:31:46]} Ne4 {[%clk 1:26:55]} 7. Nxd4 {[%clk 1:32:02]} Bc5
{[%clk 1:26:33]} 8. Be3 {[%clk 1:31:34]} O-O {[%clk 1:23:19]} 9. Nxc6
{[%clk 1:31:16]} bxc6 {[%clk 1:23:28]} 10. Bxc5 {[%clk 1:31:25]} Nxc5
{[%clk 1:23:49]} 11. Bxc6 {[%clk 1:31:42]} Rb8 {[%clk 1:24:11]} 12. Qxd5
{[%clk 1:30:40]} Qe7 {[%clk 1:22:25]} 13. O-O {[%clk 1:29:54]} Rxb2
{[%clk 1:21:53]} 14. Nc3 {[%clk 1:29:58]} Rxc2 {[%clk 1:21:22]} 15. Qd4
{[%clk 1:29:59]} Ne6 {[%clk 1:21:16]} 16. Qd3 {[%clk 1:22:44]} Rb2
{[%clk 1:21:28]} 17. Nd5 {[%clk 1:15:01]} Qc5 {[%clk 1:20:36]} 18. Rac1
{[%clk 1:03:54]} Qd4 {[%clk 1:19:51]} 19. Qa3 {[%clk 0:58:13]} Qxe5
{[%clk 1:00:40]} 20. Ne7+ {[%clk 0:50:41]} Kh8 {[%clk 1:00:37]} 21. Nxc8
{[%clk 0:50:39]} Rxc8 {[%clk 1:00:26]} 22. Bd7 {[%clk 0:49:15]} Rd8
{[%clk 0:51:35]} 23. Bxe6 {[%clk 0:48:37]} fxe6 {[%clk 0:50:54]} 24. Qxa7
{[%clk 0:48:24]} h6 {[%clk 0:49:27]} 25. a4 {[%clk 0:43:04]} Ra2 {[%clk 0:48:28]}
26. Qxc7 {[%clk 0:43:14]} 1/2-1/2

[Event "Superfinal Championship 2022 Men"]
[Site "Cheboksary"]
[Date "2022.09.16"]
[Round "6.1"]
[White "Iljiushenok, Ilia"]
[Black "Matlakov, Maxim"]
[Result "1/2-1/2"]
[BlackElo "2671"]
[WhiteElo "2551"]
[LiveChessVersion "1.4.8"]

1. e4 {[%clk 1:30:56]} e5 {[%clk 1:30:46]} 2. Nf3 {[%clk 1:31:21]} Nc6
{[%clk 1:31:12]} 3. Bb5 {[%clk 1:31:45]} a6 {[%clk 1:31:36]} 4. Ba4
{[%clk 1:32:10]} Nf6 {[%clk 1:32:00]} 5. O-O {[%clk 1:32:31]} Be7
{[%clk 1:31:36]} 6. Re1 {[%clk 1:32:55]} b5 {[%clk 1:31:54]} 7. Bb3
{[%clk 1:33:18]} O-O {[%clk 1:32:15]} 8. a4 {[%clk 1:33:32]} Rb8 {[%clk 1:31:29]}
9. axb5 {[%clk 1:33:38]} axb5 {[%clk 1:31:51]} 10. h3 {[%clk 1:32:09]} d6
{[%clk 1:30:10]} 11. c3 {[%clk 1:23:49]} b4 {[%clk 1:29:01]} 12. d3
{[%clk 1:07:56]} 1/2-1/2

[Event "Superfinal Championship 2022 Men"]
[Site "Cheboksary"]
[Date "2022.09.16"]
[Round "6.2"]
[White "Nesterov, Arseniy"]
[Black "Najer, Evgeniy"]
[Result "1/2-1/2"]
[BlackElo "2676"]
[WhiteElo "2575"]
[LiveChessVersion "1.4.8"]

1. d4 {[%clk 1:30:58]} f5 {[%clk 1:30:56]} 2. c4 {[%clk 1:31:10]} Nf6
{[%clk 1:31:20]} 3. Nf3 {[%clk 1:31:33]} g6 {[%clk 1:31:03]} 4. Nc3
{[%clk 1:31:04]} Bg7 {[%clk 1:31:24]} 5. e3 {[%clk 1:31:18]} a5 {[%clk 1:31:34]}
6. Be2 {[%clk 1:21:44]} O-O {[%clk 1:29:46]} 7. O-O {[%clk 1:22:09]} b6
{[%clk 1:28:55]} 8. b3 {[%clk 1:20:53]} Bb7 {[%clk 1:26:04]} 9. Bb2
{[%clk 1:20:54]} e6 {[%clk 1:26:28]} 10. Rc1 {[%clk 1:08:40]} Qe7
{[%clk 1:22:19]} 11. c5 {[%clk 1:03:00]} bxc5 {[%clk 1:19:05]} 12. dxc5
{[%clk 0:50:39]} Na6 {[%clk 1:05:15]} 13. Nb5 {[%clk 0:36:23]} Rfc8
{[%clk 0:52:30]} 14. Bd4 {[%clk 0:27:12]} Ne4 {[%clk 0:38:35]} 15. c6
{[%clk 0:21:01]} Bxc6 {[%clk 0:37:58]} 16. Na7 {[%clk 0:21:15]} Rxa7
{[%clk 0:38:19]} 17. Bxa7 {[%clk 0:21:44]} Nb4 {[%clk 0:38:43]} 18. Bd4
{[%clk 0:19:48]} Nxa2 {[%clk 0:38:11]} 19. Rxc6 {[%clk 0:18:14]} dxc6
{[%clk 0:38:22]} 20. Qa1 {[%clk 0:15:56]} Nac3 {[%clk 0:34:19]} 21. Bc4
{[%clk 0:16:16]} c5 {[%clk 0:31:01]} 22. Bxg7 {[%clk 0:15:59]} Kxg7
{[%clk 0:31:29]} 23. Qxa5 {[%clk 0:09:42]} Rd8 {[%clk 0:28:53]} 24. Rc1
{[%clk 0:05:49]} g5 {[%clk 0:14:10]} 25. Rxc3 {[%clk 0:02:42]} Rd1+
{[%clk 0:14:36]} 26. Bf1 {[%clk 0:03:09]} Qd6 {[%clk 0:15:01]} 27. Rc4
{[%clk 0:01:36]} g4 {[%clk 0:15:02]} 28. Ne1 {[%clk 0:00:50]} Qb6
{[%clk 0:07:34]} 29. Qxb6 {[%clk 0:01:02]} cxb6 {[%clk 0:08:03]} 30. Nd3
{[%clk 0:01:22]} Rb1 {[%clk 0:07:44]} 31. Rc1 {[%clk 0:00:54]} Rxb3
{[%clk 0:08:07]} 32. Nf4 {[%clk 0:01:15]} e5 {[%clk 0:07:10]} 33. Bc4
{[%clk 0:01:27]} Rb2 {[%clk 0:04:33]} 34. Nd3 {[%clk 0:01:55]} Rd2
{[%clk 0:04:59]} 35. Kf1 {[%clk 0:01:30]} f4 {[%clk 0:04:10]} 36. exf4
{[%clk 0:00:57]} exf4 {[%clk 0:04:38]} 37. Ke1 {[%clk 0:00:38]} f3
{[%clk 0:03:30]} 38. gxf3 {[%clk 0:00:42]} gxf3 {[%clk 0:03:59]} 39. Nf4
{[%clk 0:00:37]} Rxf2 {[%clk 0:02:54]} 40. Bd3 {[%clk 0:30:37]} Rxh2
{[%clk 0:32:04]} 41. Bxe4 {[%clk 0:31:05]} Rh4 {[%clk 0:31:15]} 42. Kf2
{[%clk 0:25:44]} Rxf4 {[%clk 0:29:57]} 43. Rg1+ {[%clk 0:26:01]} Kf6
{[%clk 0:28:52]} 44. Bxh7 {[%clk 0:22:07]} Ke5 {[%clk 0:28:52]} 1/2-1/2

[Event "Superfinal Championship 2022 Men"]
[Site "Cheboksary"]
[Date "2022.09.16"]
[Round "6.3"]
[White "Sjugirov, Sanan"]
[Black "Chigaev, Maksim"]
[Result "1-0"]
[BlackElo "2641"]
[WhiteElo "2703"]
[LiveChessVersion "1.4.8"]

1. e4 {[%clk 1:30:54]} e5 {[%clk 1:30:38]} 2. Nf3 {[%clk 1:31:15]} Nc6
{[%clk 1:31:03]} 3. Bb5 {[%clk 1:31:23]} a6 {[%clk 1:30:23]} 4. Ba4
{[%clk 1:31:39]} Nf6 {[%clk 1:30:45]} 5. O-O {[%clk 1:31:56]} Be7
{[%clk 1:31:07]} 6. d3 {[%clk 1:32:10]} d6 {[%clk 1:31:29]} 7. c4
{[%clk 1:32:29]} O-O {[%clk 1:31:11]} 8. h3 {[%clk 1:32:48]} Nd7 {[%clk 1:13:27]}
9. Nc3 {[%clk 1:31:56]} h6 {[%clk 1:05:53]} 10. Be3 {[%clk 1:29:12]} Bf6
{[%clk 1:02:01]} 11. Bxc6 {[%clk 0:51:11]} bxc6 {[%clk 1:01:41]} 12. c5
{[%clk 0:51:34]} Re8 {[%clk 0:51:51]} 13. Qa4 {[%clk 0:49:47]} Bb7
{[%clk 0:49:51]} 14. Rfd1 {[%clk 0:47:40]} a5 {[%clk 0:43:24]} 15. Qb3
{[%clk 0:35:45]} Qb8 {[%clk 0:35:40]} 16. Rac1 {[%clk 0:31:20]} d5
{[%clk 0:31:15]} 17. exd5 {[%clk 0:29:26]} cxd5 {[%clk 0:29:56]} 18. Nxd5
{[%clk 0:29:06]} Bc6 {[%clk 0:30:19]} 19. Nxf6+ {[%clk 0:18:31]} Nxf6
{[%clk 0:30:38]} 20. d4 {[%clk 0:18:02]} Qxb3 {[%clk 0:30:20]} 21. axb3
{[%clk 0:18:28]} e4 {[%clk 0:30:28]} 22. Ne5 {[%clk 0:16:07]} Bd5
{[%clk 0:30:49]} 23. Nc4 {[%clk 0:16:05]} Reb8 {[%clk 0:27:58]} 24. Bf4
{[%clk 0:11:36]} Rb7 {[%clk 0:11:01]} 25. Rc3 {[%clk 0:11:30]} Be6
{[%clk 0:07:00]} 26. Bd2 {[%clk 0:09:57]} Nd5 {[%clk 0:03:51]} 27. Rg3
{[%clk 0:10:14]} Kh7 {[%clk 0:04:17]} 28. Nxa5 {[%clk 0:07:28]} Rb5
{[%clk 0:04:33]} 29. b4 {[%clk 0:07:14]} Nxb4 {[%clk 0:03:19]} 30. Bxb4
{[%clk 0:07:35]} Rxb4 {[%clk 0:03:45]} 31. Nc6 {[%clk 0:07:49]} Rxb2
{[%clk 0:02:25]} 32. d5 {[%clk 0:08:15]} Bf5 {[%clk 0:00:35]} 33. Ne7
{[%clk 0:08:34]} Bd7 {[%clk 0:00:41]} 34. c6 {[%clk 0:08:36]} Be8
{[%clk 0:01:10]} 35. Re1 {[%clk 0:05:16]} Raa2 {[%clk 0:00:38]} 36. Nf5
{[%clk 0:04:16]} g6 {[%clk 0:00:39]} 37. Rxe4 {[%clk 0:04:18]} Rb1+
{[%clk 0:00:40]} 38. Kh2 {[%clk 0:04:43]} Raa1 {[%clk 0:01:06]} 39. Rf3
{[%clk 0:04:35]} gxf5 {[%clk 0:00:45]} 40. Rxe8 {[%clk 0:35:00]} h5
{[%clk 0:31:06]} 41. Rxf5 {[%clk 0:32:50]} Kg6 {[%clk 0:31:30]} 42. Rf4
{[%clk 0:32:19]} 1-0

[Event "Superfinal Championship 2022 Men"]
[Site "Cheboksary"]
[Date "2022.09.16"]
[Round "6.5"]
[White "Tomashevsky, Evgeny"]
[Black "Rakhmanov, Aleksandr"]
[Result "1/2-1/2"]
[BlackElo "2633"]
[WhiteElo "2700"]
[LiveChessVersion "1.4.8"]

1. d4 {[%clk 1:30:53]} d5 {[%clk 1:30:25]} 2. c4 {[%clk 1:31:13]} dxc4
{[%clk 1:30:42]} 3. Nf3 {[%clk 1:31:35]} Nf6 {[%clk 1:30:57]} 4. e3
{[%clk 1:31:51]} e6 {[%clk 1:31:15]} 5. Bxc4 {[%clk 1:32:12]} c5 {[%clk 1:31:25]}
6. O-O {[%clk 1:32:32]} a6 {[%clk 1:31:47]} 7. Be2 {[%clk 1:32:34]} cxd4
{[%clk 1:29:53]} 8. Nxd4 {[%clk 1:29:38]} Bd7 {[%clk 1:09:36]} 9. b3
{[%clk 1:27:36]} Be7 {[%clk 1:09:20]} 10. Bb2 {[%clk 1:19:32]} O-O
{[%clk 0:58:25]} 11. Nd2 {[%clk 1:08:18]} Nc6 {[%clk 0:58:25]} 12. Bf3
{[%clk 0:49:02]} Rc8 {[%clk 0:57:40]} 13. Nc4 {[%clk 0:47:40]} b5
{[%clk 0:57:13]} 14. Nxc6 {[%clk 0:43:43]} Bxc6 {[%clk 0:57:30]} 15. Qxd8
{[%clk 0:42:38]} Rfxd8 {[%clk 0:57:52]} 16. Nb6 {[%clk 0:43:03]} Rb8
{[%clk 0:58:15]} 17. Bxc6 {[%clk 0:43:23]} Rxb6 {[%clk 0:58:40]} 18. Rac1
{[%clk 0:42:15]} Rbb8 {[%clk 0:54:53]} 19. Rfd1 {[%clk 0:28:21]} Rxd1+
{[%clk 0:44:54]} 20. Rxd1 {[%clk 0:27:38]} Rc8 {[%clk 0:45:16]} 21. Rc1
{[%clk 0:23:52]} Nd5 {[%clk 0:43:48]} 22. Bb7 {[%clk 0:16:59]} Rxc1+
{[%clk 0:43:52]} 23. Bxc1 {[%clk 0:17:25]} a5 {[%clk 0:43:00]} 24. Bxd5
{[%clk 0:14:29]} exd5 {[%clk 0:43:23]} 25. a4 {[%clk 0:14:55]} bxa4
{[%clk 0:43:35]} 26. bxa4 {[%clk 0:15:23]} f5 {[%clk 0:42:04]} 27. Kf1
{[%clk 0:14:51]} Kf7 {[%clk 0:41:30]} 28. Ke2 {[%clk 0:15:04]} Ke6
{[%clk 0:41:05]} 29. Kd3 {[%clk 0:14:27]} g5 {[%clk 0:30:13]} 30. f3
{[%clk 0:13:53]} g4 {[%clk 0:27:52]} 31. h3 {[%clk 0:09:43]} gxf3
{[%clk 0:25:30]} 32. gxf3 {[%clk 0:10:11]} Bd8 {[%clk 0:21:03]} 33. Bb2
{[%clk 0:10:10]} Kd6 {[%clk 0:20:36]} 34. Bd4 {[%clk 0:07:07]} Kc6
{[%clk 0:19:36]} 35. Bg7 {[%clk 0:04:33]} Be7 {[%clk 0:12:43]} 36. Bc3
{[%clk 0:03:57]} Bd8 {[%clk 0:12:50]} 37. Bb2 {[%clk 0:03:37]} Bb6
{[%clk 0:11:18]} 38. Bf6 {[%clk 0:03:41]} Kd6 {[%clk 0:10:26]} 39. Bg7
{[%clk 0:03:29]} Kc6 {[%clk 0:10:23]} 40. Be5 {[%clk 0:30:55]} Bd8
{[%clk 0:37:08]} 41. Bg7 {[%clk 0:20:53]} Be7 {[%clk 0:36:05]} 42. Bb2
{[%clk 0:19:56]} Bd8 {[%clk 0:35:21]} 43. Ba3 {[%clk 0:19:24]} Bb6
{[%clk 0:18:33]} 44. e4 {[%clk 0:15:13]} fxe4+ {[%clk 0:18:22]} 45. fxe4
{[%clk 0:15:42]} Bc7 {[%clk 0:10:58]} 46. Kd4 {[%clk 0:13:59]} dxe4
{[%clk 0:08:54]} 47. Kxe4 {[%clk 0:14:21]} Bd6 {[%clk 0:09:06]} 48. Bc1
{[%clk 0:12:49]} Kc5 {[%clk 0:08:55]} 49. Ba3+ {[%clk 0:11:26]} 1/2-1/2

[Event "Superfinal Championship 2022 Men"]
[Site "Cheboksary"]
[Date "2022.09.16"]
[Round "6.6"]
[White "Artemiev, Vladislav"]
[Black "Murzin, Volodar"]
[Result "1/2-1/2"]
[BlackElo "2534"]
[WhiteElo "2706"]
[LiveChessVersion "1.4.8"]

1. d4 {[%clk 1:29:57]} d5 {[%clk 1:30:48]} 2. c4 {[%clk 1:30:11]} c6
{[%clk 1:31:13]} 3. Nc3 {[%clk 1:29:59]} Nf6 {[%clk 1:31:07]} 4. e3
{[%clk 1:30:12]} e6 {[%clk 1:25:20]} 5. Nf3 {[%clk 1:30:16]} Nbd7
{[%clk 1:25:54]} 6. Qc2 {[%clk 1:30:23]} Bd6 {[%clk 1:25:18]} 7. Bd3
{[%clk 1:30:23]} dxc4 {[%clk 1:25:18]} 8. Bxc4 {[%clk 1:30:42]} c5
{[%clk 1:24:44]} 9. O-O {[%clk 1:24:18]} a6 {[%clk 1:24:41]} 10. dxc5
{[%clk 1:10:11]} Bxc5 {[%clk 1:24:03]} 11. Bd3 {[%clk 1:02:24]} O-O
{[%clk 1:02:13]} 12. Rd1 {[%clk 0:49:24]} Qe7 {[%clk 0:45:55]} 13. Bd2
{[%clk 0:44:47]} b6 {[%clk 0:43:09]} 14. Ng5 {[%clk 0:43:12]} h6 {[%clk 0:41:38]}
15. Nge4 {[%clk 0:41:02]} Bb7 {[%clk 0:41:35]} 16. Nxc5 {[%clk 0:26:17]} Nxc5
{[%clk 0:39:47]} 17. Bf1 {[%clk 0:25:41]} Rac8 {[%clk 0:30:58]} 18. f3
{[%clk 0:16:00]} b5 {[%clk 0:30:19]} 19. Be1 {[%clk 0:09:20]} e5 {[%clk 0:15:33]}
20. b4 {[%clk 0:05:01]} e4 {[%clk 0:08:24]} 21. Qf2 {[%clk 0:03:56]} exf3
{[%clk 0:07:31]} 22. gxf3 {[%clk 0:04:20]} Ncd7 {[%clk 0:07:44]} 23. e4
{[%clk 0:03:43]} Ne5 {[%clk 0:07:48]} 24. a4 {[%clk 0:02:24]} a5 {[%clk 0:05:03]}
25. bxa5 {[%clk 0:01:30]} b4 {[%clk 0:05:28]} 26. Ne2 {[%clk 0:01:21]} Rc2
{[%clk 0:04:29]} 27. Rab1 {[%clk 0:00:38]} Rd8 {[%clk 0:01:53]} 28. Rxd8+
{[%clk 0:00:35]} Qxd8 {[%clk 0:02:22]} 29. Qe3 {[%clk 0:00:49]} Nxf3+
{[%clk 0:00:54]} 30. Qxf3 {[%clk 0:01:14]} Bxe4 {[%clk 0:01:17]} 31. Qe3
{[%clk 0:00:46]} Rxe2 {[%clk 0:01:04]} 32. Bxe2 {[%clk 0:01:13]} Bxb1
{[%clk 0:01:30]} 33. a6 {[%clk 0:00:42]} Nd5 {[%clk 0:00:39]} 34. Qd4
{[%clk 0:00:39]} Qg5+ {[%clk 0:00:53]} 35. Bg3 {[%clk 0:01:08]} Qc1+
{[%clk 0:00:35]} 36. Kf2 {[%clk 0:01:36]} Nc3 {[%clk 0:00:41]} 37. a7
{[%clk 0:01:51]} Be4 {[%clk 0:00:37]} 38. Qxb4 {[%clk 0:00:33]} Qd2
{[%clk 0:00:41]} 39. Qc4 {[%clk 0:00:33]} Kh7 {[%clk 0:00:35]} 40. Kf1
{[%clk 0:30:32]} f5 {[%clk 0:30:34]} 41. a8=Q {[%clk 0:14:50]} Bxa8
{[%clk 0:27:13]} 42. Be1 {[%clk 0:13:35]} Qxe2+ {[%clk 0:26:44]} 43. Qxe2
{[%clk 0:13:55]} Nxe2 {[%clk 0:27:12]} 44. Kxe2 {[%clk 0:14:19]} g5
{[%clk 0:27:25]} 45. Bb4 {[%clk 0:14:28]} Kg6 {[%clk 0:27:38]} 46. Kf2
{[%clk 0:14:09]} f4 {[%clk 0:27:59]} 47. Bf8 {[%clk 0:13:56]} h5 {[%clk 0:28:17]}
48. Be7 {[%clk 0:14:08]} Kf5 {[%clk 0:28:13]} 49. a5 {[%clk 0:14:10]} Bb7
{[%clk 0:28:36]} 50. Bd8 {[%clk 0:14:15]} Kg4 {[%clk 0:28:53]} 51. Be7
{[%clk 0:14:19]} h4 {[%clk 0:29:10]} 52. Bd8 {[%clk 0:14:07]} Kh5
{[%clk 0:27:07]} 53. Bc7 {[%clk 0:14:19]} Kg6 {[%clk 0:27:32]} 54. Bd8
{[%clk 0:14:29]} Kf5 {[%clk 0:27:48]} 55. Be7 {[%clk 0:14:39]} h3
{[%clk 0:28:13]} 56. Bd8 {[%clk 0:11:57]} g4 {[%clk 0:28:35]} 57. Bc7
{[%clk 0:11:26]} Ke4 {[%clk 0:28:41]} 58. Bd6 {[%clk 0:10:55]} g3+
{[%clk 0:28:57]} 59. Kg1 {[%clk 0:11:18]} Kf3 {[%clk 0:28:01]} 60. Bc7
{[%clk 0:11:22]} Kg4 {[%clk 0:27:55]} 1/2-1/2

[Event "Superfinal Championship 2022 Men"]
[Site "Cheboksary"]
[Date "2022.09.18"]
[Round "7.1"]
[White "Murzin, Volodar"]
[Black "Iljiushenok, Ilia"]
[Result "1/2-1/2"]
[BlackElo "2551"]
[WhiteElo "2534"]
[LiveChessVersion "1.4.8"]

1. e4 {[%clk 1:30:54]} c5 {[%clk 1:30:55]} 2. Nf3 {[%clk 1:31:19]} d6
{[%clk 1:31:20]} 3. Bb5+ {[%clk 1:31:32]} Nd7 {[%clk 1:31:45]} 4. O-O
{[%clk 1:31:55]} a6 {[%clk 1:32:04]} 5. Bd3 {[%clk 1:32:20]} Ngf6
{[%clk 1:32:14]} 6. Re1 {[%clk 1:32:19]} e6 {[%clk 1:30:42]} 7. Bf1
{[%clk 1:22:44]} b5 {[%clk 1:27:26]} 8. a4 {[%clk 1:17:52]} Bb7 {[%clk 1:09:11]}
9. d4 {[%clk 1:16:17]} cxd4 {[%clk 1:05:30]} 10. axb5 {[%clk 1:02:39]} axb5
{[%clk 1:05:23]} 11. Rxa8 {[%clk 1:03:03]} Qxa8 {[%clk 1:02:16]} 12. Nxd4
{[%clk 1:03:23]} b4 {[%clk 1:00:39]} 13. f3 {[%clk 0:54:27]} Be7 {[%clk 0:49:35]}
14. Nb5 {[%clk 0:45:15]} Qb8 {[%clk 0:48:53]} 15. c4 {[%clk 0:43:23]} bxc3
{[%clk 0:44:40]} 16. N1xc3 {[%clk 0:43:45]} d5 {[%clk 0:44:05]} 17. exd5
{[%clk 0:34:04]} Nxd5 {[%clk 0:44:15]} 18. Nxd5 {[%clk 0:34:25]} Bxd5
{[%clk 0:44:40]} 19. Bg5 {[%clk 0:23:10]} Bc5+ {[%clk 0:21:31]} 20. Be3
{[%clk 0:22:59]} O-O {[%clk 0:21:37]} 21. Bxc5 {[%clk 0:22:20]} Nxc5
{[%clk 0:22:06]} 22. Qd4 {[%clk 0:20:00]} Nb3 {[%clk 0:22:18]} 23. Qf2
{[%clk 0:15:46]} g6 {[%clk 0:16:44]} 24. Re3 {[%clk 0:10:33]} Qf4
{[%clk 0:15:27]} 25. Rc3 {[%clk 0:05:43]} Nd2 {[%clk 0:08:21]} 26. Qd4
{[%clk 0:05:18]} Qxd4+ {[%clk 0:07:16]} 27. Nxd4 {[%clk 0:05:47]} Rb8
{[%clk 0:07:30]} 28. Rc2 {[%clk 0:05:47]} Nxf1 {[%clk 0:07:46]} 29. Kxf1
{[%clk 0:06:16]} Rb4 {[%clk 0:07:56]} 30. Rd2 {[%clk 0:05:59]} Kg7
{[%clk 0:08:07]} 31. Kf2 {[%clk 0:06:17]} Kf6 {[%clk 0:07:39]} 32. Ne2
{[%clk 0:05:44]} g5 {[%clk 0:07:29]} 33. h3 {[%clk 0:06:08]} h5 {[%clk 0:07:40]}
34. Nc3 {[%clk 0:06:16]} Bc6 {[%clk 0:07:47]} 35. Na2 {[%clk 0:05:47]} Rb8
{[%clk 0:07:03]} 36. b4 {[%clk 0:05:44]} Bd5 {[%clk 0:02:34]} 37. Nc3
{[%clk 0:06:09]} Rxb4 {[%clk 0:01:55]} 38. Nxd5+ {[%clk 0:06:35]} Ke5 1/2-1/2

[Event "Superfinal Championship 2022 Men"]
[Site "Cheboksary"]
[Date "2022.09.18"]
[Round "7.2"]
[White "Rakhmanov, Aleksandr"]
[Black "Artemiev, Vladislav"]
[Result "1/2-1/2"]
[BlackElo "2706"]
[WhiteElo "2633"]
[LiveChessVersion "1.4.8"]

1. d4 {[%clk 1:30:54]} Nf6 {[%clk 1:30:06]} 2. c4 {[%clk 1:31:14]} e6
{[%clk 1:30:20]} 3. Nc3 {[%clk 1:31:37]} Bb4 {[%clk 1:30:30]} 4. Bd2
{[%clk 1:31:12]} c5 {[%clk 1:24:37]} 5. dxc5 {[%clk 1:29:14]} Bxc5
{[%clk 1:20:38]} 6. Nf3 {[%clk 1:28:47]} O-O {[%clk 1:19:28]} 7. g3
{[%clk 1:24:51]} b6 {[%clk 1:10:05]} 8. Bg2 {[%clk 1:24:09]} Bb7 {[%clk 1:10:25]}
9. O-O {[%clk 1:21:06]} Be7 {[%clk 1:07:51]} 10. Bf4 {[%clk 1:12:02]} Na6
{[%clk 1:05:32]} 11. Bd6 {[%clk 1:09:18]} Nc5 {[%clk 0:54:02]} 12. Rc1
{[%clk 0:53:11]} Rc8 {[%clk 0:31:36]} 13. Ne5 {[%clk 0:47:55]} Bxg2
{[%clk 0:29:59]} 14. Kxg2 {[%clk 0:47:49]} Nb7 {[%clk 0:27:12]} 15. Bxe7
{[%clk 0:47:34]} Qxe7 {[%clk 0:27:35]} 16. b3 {[%clk 0:41:32]} Rfd8
{[%clk 0:25:06]} 17. Qd4 {[%clk 0:36:14]} 1/2-1/2

[Event "Superfinal Championship 2022 Men"]
[Site "Cheboksary"]
[Date "2022.09.18"]
[Round "7.4"]
[White "Chigaev, Maksim"]
[Black "Esipenko, Andrey"]
[Result "1-0"]
[BlackElo "2678"]
[WhiteElo "2641"]
[LiveChessVersion "1.4.8"]

1. d4 {[%clk 1:30:49]} Nf6 {[%clk 1:30:23]} 2. Bg5 {[%clk 1:31:05]} d5
{[%clk 1:30:36]} 3. e3 {[%clk 1:31:23]} c5 {[%clk 1:30:49]} 4. Bxf6
{[%clk 1:31:41]} gxf6 {[%clk 1:31:12]} 5. dxc5 {[%clk 1:31:59]} Qa5+
{[%clk 1:23:28]} 6. Nc3 {[%clk 1:31:31]} e6 {[%clk 1:23:42]} 7. Qd4
{[%clk 1:31:53]} Qxc5 {[%clk 1:20:03]} 8. Qxf6 {[%clk 1:28:25]} Rg8
{[%clk 1:20:25]} 9. Qd4 {[%clk 1:11:44]} Qe7 {[%clk 1:07:10]} 10. Nf3
{[%clk 1:04:59]} Nc6 {[%clk 1:05:13]} 11. Qh4 {[%clk 0:57:28]} Qxh4
{[%clk 1:00:43]} 12. Nxh4 {[%clk 0:57:48]} Bb4 {[%clk 0:56:30]} 13. O-O-O
{[%clk 0:51:39]} Bxc3 {[%clk 0:55:23]} 14. bxc3 {[%clk 0:52:02]} Rg4
{[%clk 0:51:08]} 15. Nf3 {[%clk 0:49:15]} Ra4 {[%clk 0:49:29]} 16. Kb2
{[%clk 0:49:35]} Bd7 {[%clk 0:49:33]} 17. h3 {[%clk 0:34:29]} Ke7
{[%clk 0:43:31]} 18. Nd2 {[%clk 0:28:22]} Na5 {[%clk 0:35:14]} 19. Nb3
{[%clk 0:28:15]} Nc4+ {[%clk 0:35:08]} 20. Bxc4 {[%clk 0:28:37]} Rxc4
{[%clk 0:35:32]} 21. Rd4 {[%clk 0:29:00]} Rc7 {[%clk 0:28:15]} 22. Rh4
{[%clk 0:28:55]} Rac8 {[%clk 0:26:00]} 23. Rd1 {[%clk 0:26:25]} Rxc3
{[%clk 0:24:57]} 24. Rd2 {[%clk 0:26:48]} b6 {[%clk 0:17:18]} 25. Rxh7
{[%clk 0:26:22]} a5 {[%clk 0:17:32]} 26. a3 {[%clk 0:24:39]} e5 {[%clk 0:15:35]}
27. Rh5 {[%clk 0:18:34]} f6 {[%clk 0:11:44]} 28. Rh7+ {[%clk 0:16:13]} Ke6
{[%clk 0:12:02]} 29. g4 {[%clk 0:15:23]} Be8 {[%clk 0:08:09]} 30. f4
{[%clk 0:05:53]} Rxe3 {[%clk 0:06:02]} 31. f5+ {[%clk 0:06:18]} Kd6
{[%clk 0:06:25]} 32. Rh6 {[%clk 0:06:45]} Ke7 {[%clk 0:06:16]} 33. Rxd5
{[%clk 0:04:22]} Bf7 {[%clk 0:05:16]} 34. Rd2 {[%clk 0:03:00]} Rcc3
{[%clk 0:04:42]} 35. g5 {[%clk 0:03:05]} fxg5 {[%clk 0:04:05]} 36. Rxb6
{[%clk 0:03:25]} Bxb3 {[%clk 0:02:00]} 37. cxb3 {[%clk 0:02:03]} Rxh3
{[%clk 0:02:06]} 38. f6+ {[%clk 0:01:43]} Ke8 {[%clk 0:02:35]} 39. Rb7
{[%clk 0:01:23]} Rc8 {[%clk 0:02:45]} 40. a4 {[%clk 0:30:56]} Kf8
{[%clk 0:30:41]} 41. Rd5 {[%clk 0:14:14]} e4 {[%clk 0:21:26]} 42. Rxa5
{[%clk 0:14:06]} Rf3 {[%clk 0:19:52]} 43. Rxg5 {[%clk 0:08:40]} Rxf6
{[%clk 0:19:39]} 44. Rh5 {[%clk 0:09:03]} Kg8 {[%clk 0:19:39]} 45. Re5
{[%clk 0:09:24]} 1-0

[Event "Superfinal Championship 2022 Men"]
[Site "Cheboksary"]
[Date "2022.09.18"]
[Round "7.5"]
[White "Najer, Evgeniy"]
[Black "Sjugirov, Sanan"]
[Result "1/2-1/2"]
[BlackElo "2703"]
[WhiteElo "2676"]
[LiveChessVersion "1.4.8"]

1. d4 {[%clk 1:30:44]} Nf6 {[%clk 1:25:03]} 2. Nc3 {[%clk 1:30:55]} d5
{[%clk 1:24:27]} 3. Bf4 {[%clk 1:31:19]} e6 {[%clk 0:50:52]} 4. Nb5
{[%clk 1:31:08]} Na6 {[%clk 0:50:50]} 5. e3 {[%clk 1:31:19]} Be7 {[%clk 0:49:33]}
6. Nf3 {[%clk 1:31:37]} O-O {[%clk 0:49:26]} 7. h4 {[%clk 1:31:20]} c5
{[%clk 0:35:06]} 8. a4 {[%clk 1:26:41]} Bd7 {[%clk 0:34:12]} 9. c3
{[%clk 1:25:30]} c4 {[%clk 0:29:09]} 10. b3 {[%clk 1:13:00]} Qa5 {[%clk 0:21:55]}
11. bxc4 {[%clk 0:50:02]} Bxb5 {[%clk 0:21:34]} 12. axb5 {[%clk 0:50:24]} Qxc3+
{[%clk 0:21:39]} 13. Nd2 {[%clk 0:50:49]} Nb4 {[%clk 0:21:07]} 14. Rc1
{[%clk 0:51:08]} Nd3+ {[%clk 0:19:26]} 15. Bxd3 {[%clk 0:50:47]} Qxd3
{[%clk 0:19:52]} 16. Qe2 {[%clk 0:50:51]} dxc4 {[%clk 0:19:36]} 17. Rxc4
{[%clk 0:40:02]} Qa3 {[%clk 0:14:56]} 18. O-O {[%clk 0:28:21]} Rfc8
{[%clk 0:15:13]} 19. e4 {[%clk 0:26:36]} a5 {[%clk 0:09:58]} 1/2-1/2